| 000 | 00925nam a2200229 i 4500 | ||
|---|---|---|---|
| 001 | 189316 | ||
| 003 | SpMaBN | ||
| 005 | 20260305153543.0 | ||
| 008 | 190522s1938 sp |||| | spa d | ||
| 080 | _a821.134.2-32"19" | ||
| 100 | 1 |
_aMiró, Gabriel. _981602 |
|
| 245 | 1 | 3 |
_aEl ángel, el molino, el caracol del faro _b: estampas rurales y de cuentos, estampas del agua, del río y del mar, estampas de un león y una leona, estampas del faro / _cGabriel Miró. |
| 260 |
_aMadrid : _bBiblioteca Nueva, _c[1938] |
||
| 300 |
_a188 p. ; _c19 cm. |
||
| 490 | 1 |
_aObras completas de Gabriel Miró ; _v8 |
|
| 530 | _aDisponible en formato digital. | ||
| 830 | 0 |
_aObras completas de Gabriel Miró ; _v8 _9193311 |
|
| 852 |
_aES-MaACL _jL-32326 _cDEPO2 _xEncuadernación holandesa |
||
| 856 | 4 |
_uhttp://bdh-rd.bne.es/viewer.vm?id=0000253725&page=1 _yBiblioteca Digital Hispánica |
|
| 942 | _2udc | ||
| 999 |
_c189316 _d189316 |
||